00385nam a2200157Ia 45000010006000000050017000060080041000230410008000640820013000721000039000852450050001242600009001743000028001836500008002116540008002191097120260306161911.0260306t2011||||xx |||||||||||||| ||spa|| aESP a985bB81 aBrading, David Anthony, 1936-eAUT 0aProfecía y patria en la historia del Perú c2011 a298 páginas :c24 cm. aGEN aCHU